[Event "4th AIMAG Men"]
[Site "Incheon KOR"]
[Date "2013.06.30"]
[Round "1.1"]
[White "Le Quang Liem"]
[Black "Mohammad,Sam"]
[Result "1-0"]
[WhiteElo "2712"]
[BlackElo "2362"]

1.c4 c5 2.Nf3 Nf6 3.Nc3 Nc6 4.d4 cxd4 5.Nxd4 e6 6.a3 Bc5 7.Nb3 Be7 8.e4 O-O
9.Bf4 d6 10.Be2 a6 11.O-O b6 12.Bg3 Bb7 13.Rc1 Rc8 14.Kh1 Ne5 15.Nd2 Qc7
16.b4 Qb8 17.f4 Ng6 18.Bd3 Rfe8 19.Qe2 Bd8 20.e5 dxe5 21.fxe5 Nd7 22.Qh5 Ndf8
23.Nce4 Qa8 24.Rf2 Be7 25.Rcf1 Rcd8 26.Bb1 Rd4 27.Qf3 Nh8 28.Qe3 Red8 29.Nd6 Bxd6
30.exd6 Rg4 31.h3  1-0

[Event "4th AIMAG Men"]
[Site "Incheon KOR"]
[Date "2013.07.01"]
[Round "3.7"]
[White "Le Quang Liem"]
[Black "Akhras,K"]
[Result "1-0"]
[WhiteElo "2712"]
[BlackElo "2228"]

1.d4 d6 2.Nf3 g6 3.c4 Bg7 4.Nc3 Nc6 5.d5 Ne5 6.Nxe5 Bxe5 7.e4 c5 8.Bd3 Bg7
9.Be3 Qa5 10.Qd2 Bd7 11.O-O Nf6 12.h3 O-O 13.Bg5 a6 14.f4 Kh8 15.Bh4 b5 16.e5 Ng8
17.Rae1 bxc4 18.Bxc4 Bb5 19.b3 Bxc4 20.bxc4 Rab8 21.Re2 h6 22.Rf3 Qb4 23.Qd3 Qa3
24.Qc2 Qb4 25.Be1 Qb6 26.Rg3 Qc7 27.e6 Nf6 28.exf7 Nh5 29.Rg4 Rxf7 30.Qxg6  1-0

[Event "4th AIMAG Men"]
[Site "Incheon KOR"]
[Date "2013.07.02"]
[Round "4.5"]
[White "Goh Weiming"]
[Black "Le Quang Liem"]
[Result "1/2-1/2"]
[WhiteElo "2441"]
[BlackElo "2712"]

1.e4 c5 2.Nf3 d6 3.d4 cxd4 4.Nxd4 Nf6 5.Nc3 a6 6.Bg5 Nbd7 7.Qe2 h6 8.Bh4 g6
9.O-O-O e5 10.Nb3 Qc7 11.Qc4 Qb8 12.Nd5 Nxd5 13.Qxd5 Be7 14.Bxe7 Kxe7 15.Bc4 Rh7
16.Qa5 b6 17.Qa3 Qc7 18.Bd5 Rb8 19.Rd3 Nc5 20.Rc3 Kf8 21.Rd1 Kg7 22.Nxc5 bxc5
23.Rcd3 Qe7 24.Qc3 Rb4 25.Bc4 Rb6 26.f4 Rh8 27.Rf1  1/2-1/2

[Event "4th AIMAG Men"]
[Site "Incheon KOR"]
[Date "2013.07.03"]
[Round "6.3"]
[White "Salem,AR"]
[Black "Le Quang Liem"]
[Result "1/2-1/2"]
[WhiteElo "2531"]
[BlackElo "2712"]

1.d4 Nf6 2.c4 g6 3.Nc3 d5 4.Nf3 Bg7 5.Qb3 dxc4 6.Qxc4 O-O 7.e4 a6 8.Be2 b5
9.Qb3 c5 10.dxc5 Be6 11.Qc2 Nbd7 12.Be3 Rc8 13.Rd1 b4 14.Nd5 Bxd5 15.exd5 Nxc5
16.O-O Qb6 17.Ne5 Qd6 18.Nc6 Nb7 19.Bf4 e5 20.Bg5 Nxd5 21.Rxd5 Rxc6 22.Qb3 Qe6
23.Rfd1 a5 24.Bb5 Rc7 25.Be3 Qf6 26.h3 e4 27.Bd4 Qe6 28.Bd7 Qa6 29.Bb5 Qe6
30.Bd7 Qa6 31.Bb5  1/2-1/2

[Event "4th AIMAG Men"]
[Site "Incheon KOR"]
[Date "2013.07.03"]
[Round "7.3"]
[White "Jumabayev,R"]
[Black "Le Quang Liem"]
[Result "1/2-1/2"]
[WhiteElo "2548"]
[BlackElo "2712"]

1.d4 Nf6 2.c4 g6 3.Nc3 d5 4.Nf3 Bg7 5.Qa4+ Bd7 6.Qb3 dxc4 7.Qxc4 O-O 8.Bf4 c6
9.e4 b5 10.Qd3 c5 11.dxc5 Na6 12.e5 Nxc5 13.Qe3 Nh5 14.Bg5 Ne6 15.Rd1 Qe8
16.Be2 f6 17.Bh6 Bxh6 18.Qxh6 Nhf4 19.O-O g5 20.Rfe1 Bc6 21.Bd3 Nxd3 22.Rxd3 Nf4
23.Rd4 Qg6 24.Qxg6+ hxg6 25.exf6 exf6 26.h4 Bxf3 27.gxf3 b4 28.Ne2 Rad8 29.Rxd8 Nxe2+
30.Rxe2 Rxd8  1/2-1/2

[Event "SPICE Cup Open 2013"]
[Site "St Louis USA"]
[Date "2013.10.15"]
[Round "1.1"]
[White "Chandra,Akshat"]
[Black "Le Quang Liem"]
[Result "0-1"]
[WhiteElo "2318"]
[BlackElo "2712"]

1.e4 c5 2.Nf3 d6 3.d4 cxd4 4.Nxd4 Nf6 5.Nc3 a6 6.Be2 e6 7.O-O Be7 8.f4 Qc7
9.a4 O-O 10.Be3 Nc6 11.Nb3 b6 12.Bf3 Bb7 13.g4 Nd7 14.g5 Rfe8 15.Bg2 Bf8
16.Qh5 Nb4 17.Rac1 g6 18.Qh4 Bg7 19.Rf3 Rab8 20.Rh3 Nf8 21.Nd1 Na2 22.Ra1 Qxc2
23.Nd4 Qc4 24.b3 Qb4 25.Nc2 Qxb3 26.Bd4 Qxc2 27.Bxg7 Kxg7 28.Ne3 Qb2 29.Rxa2 Qxa2
30.Ng4 Qa1+ 31.Kf2 Qd4+ 32.Kg3 Qd3+ 33.Kf2 Qd2+ 34.Kg1 Rec8 35.Qh6+ Kh8 36.Nf6 Rc1+
37.Bf1 Qd4+  0-1

[Event "SPICE Cup Open 2013"]
[Site "St Louis USA"]
[Date "2013.10.16"]
[Round "2.1"]
[White "Le Quang Liem"]
[Black "Troff,Kayden W"]
[Result "1-0"]
[WhiteElo "2712"]
[BlackElo "2431"]

1.d4 Nf6 2.c4 g6 3.g3 c6 4.Bg2 d5 5.e3 Bg7 6.Ne2 O-O 7.O-O Bf5 8.Nd2 Bd3
9.b3 Re8 10.Bb2 Qb6 11.Re1 Bxc4 12.bxc4 Qxb2 13.a4 Qb6 14.Rb1 Qa5 15.Rxb7 Nbd7
16.cxd5 cxd5 17.Rb5 Qa6 18.Bxd5 Nxd5 19.Rxd5 Nb6 20.Rb5 Nxa4 21.Qb3 Nb6 22.Nc3 e6
23.Nde4 Nc8 24.Nc5 Qc6 25.Ra1 Nd6 26.Ra6 Qc7 27.Rba5 Re7 28.Qa4 Bf8 29.Rc6 Qb8
30.Raa6 Nb7 31.N5e4 Nd8 32.Rc4 Rb7 33.Nf6+ Kg7 34.Nd7 Rb1+ 35.Nxb1 Qxb1+
36.Kg2 Qe4+ 37.Kf1 Nb7 38.Qc6 Qd3+ 39.Kg2 Rd8 40.Ne5 Qb1 41.Rxa7 Nd6 42.Nxf7 Nxf7
43.Qxe6  1-0

[Event "SPICE Cup Open 2013"]
[Site "St Louis USA"]
[Date "2013.10.17"]
[Round "4.1"]
[White "Le Quang Liem"]
[Black "Shabalov,A"]
[Result "1/2-1/2"]
[WhiteElo "2712"]
[BlackElo "2520"]

1.Nf3 d5 2.d4 Nf6 3.c4 c6 4.Nc3 a6 5.a4 e6 6.g3 dxc4 7.Bg2 c5 8.dxc5 Qxd1+
9.Nxd1 Bd7 10.O-O Bc6 11.Ne3 Bxc5 12.Nxc4 Nbd7 13.Rd1 Ke7 14.Bf4 Bd5 15.Ne3 Be4
16.Nd2 Bxg2 17.Kxg2 Rhc8 18.Nb3 Nh5 19.Nc4 Nxf4+ 20.gxf4 Ba7 21.Rac1 Nb6
22.Nba5 Nxc4 23.Nxc4 Bc5 24.Rd3 Rc7 25.Ne5 Rac8 26.Rcd1 f6 27.Nc4 b5 28.axb5 axb5
29.Nd2 Bd6 30.e3 Rc1 31.Rxc1 Rxc1 32.Ne4 Bb4 33.Rb3 Rc4 34.Kf3 Kd7 35.Rd3+ Kc7
36.h4 Be7 37.Nc3 Kc6 38.h5 Rc5 39.Ne2 e5 40.Rd1 Rc2 41.fxe5 fxe5 42.Ng3 Rxb2
43.Nf5 Bc5 44.Nxg7 b4 45.Ne6 b3 46.Nxc5 Kxc5 47.Rd7 h6 48.Rb7 Kc4 49.Rb6 Rd2
50.Rxh6 b2 51.Rb6 Kc3 52.Rc6+ Kd3 53.Rd6+ Kc2 54.Rc6+ Kd1 55.Rb6 Kc1 56.Ke4 Rxf2
57.Kxe5 Rh2 58.e4 Rxh5+ 59.Kd4 b1=Q 60.Rxb1+ Kxb1 61.e5 Rxe5  1/2-1/2

[Event "SPICE Cup Open 2013"]
[Site "St Louis USA"]
[Date "2013.10.17"]
[Round "5.1"]
[White "Molner,M"]
[Black "Le Quang Liem"]
[Result "1/2-1/2"]
[WhiteElo "2493"]
[BlackElo "2712"]

1.Nf3 Nf6 2.c4 c5 3.d4 cxd4 4.Nxd4 e6 5.Nc3 Bb4 6.g3 Ne4 7.Bd2 Bxc3 8.Bxc3 Nxc3
9.bxc3 a6 10.Bg2 d6 11.O-O O-O 12.Qa4 Nd7 13.Rfd1 Rb8 14.Nb3 Qc7 15.Qa3 Ne5
16.Qxd6 Qxd6 17.Rxd6 Nxc4 18.Rdd1 b6 19.Rab1 Na3 20.Rb2 Nc4 21.Rbb1 Na3 22.Rb2 Nc4  1/2-1/2

[Event "SPICE Cup Open 2013"]
[Site "St Louis USA"]
[Date "2013.10.18"]
[Round "6.1"]
[White "Le Quang Liem"]
[Black "Ipatov,Alexander"]
[Result "1/2-1/2"]
[WhiteElo "2712"]
[BlackElo "2625"]

1.d4 Nf6 2.c4 e6 3.Nc3 Bb4 4.e3 b6 5.Ne2 Ba6 6.Ng3 O-O 7.Be2 d5 8.O-O Bxc3
9.bxc3 c6 10.a4 Qc8 11.Ba3 Re8 12.Qb3 Qb7 13.Rac1 Rc8 14.h3 Bxc4 15.Bxc4 dxc4
16.Qxc4 c5 17.Qb3 cxd4 18.cxd4 Nbd7 19.Qd3 Rxc1 20.Rxc1 Rc8 21.Rxc8+ Qxc8
22.e4 h6 23.Ne2 Nb8 24.Nc3 Nc6 25.Qc4 Qd7 26.d5 exd5 27.exd5 Ne7 28.d6 Qc6
29.Qd3 Ng6 30.Bc1 Ne5 31.Qd4 Qc5 32.Qxc5 bxc5 33.Be3 Nfd7 34.Ne4 Nc4 35.Nxc5 Nxe3
36.Nxd7 Nc4 37.Kf1 f5 38.Ke2 Kf7 39.Nb8 Nxd6 40.Nc6 a6 41.Kd3 Ke6 42.Nb4 a5
43.Nc6 Kd5 44.Nxa5 Ne4 45.Nb3 Nxf2+ 46.Ke3 Nd1+ 47.Kf4 g5+ 48.Kf3 Nc3 49.a5 Kc4
50.a6 Nb5 51.Nc1 Kc5 52.g4 fxg4+ 53.Kxg4 Kb6 54.Kh5 Nd4 55.Kxh6 Ne6 56.Ne2 Nf4
57.Kxg5  1/2-1/2

[Event "SPICE Cup Open 2013"]
[Site "St Louis USA"]
[Date "2013.10.18"]
[Round "7.1"]
[White "Yermolinsky,A"]
[Black "Le Quang Liem"]
[Result "1/2-1/2"]
[WhiteElo "2516"]
[BlackElo "2712"]

1.Nf3 d5 2.b3 Nf6 3.Bb2 Bf5 4.e3 h6 5.Bxf6 gxf6 6.c4 e6 7.cxd5 Qxd5 8.Nc3 Qd8
9.Be2 c5 10.O-O Nc6 11.Rc1 Be7 12.Bb5 Bd3 13.Bxd3 Qxd3 14.Na4 b6 15.Nb2 Qd5
16.Qe2 O-O 17.Rfd1 Rac8 18.Nc4 Qh5 19.d4 cxd4 20.exd4 Nb4 21.Ne3 Bd6 22.h3 Bf4
23.Rc4 Nd5 24.Nxd5 Qxd5 25.Qc2 Rxc4 26.Qxc4 Rd8 27.Qxd5 Rxd5 28.Kf1 Kf8 29.Ke2 Ke7
30.Rd3 Ra5 31.a4 b5 32.axb5 Rxb5 33.Nd2 Bxd2 34.Kxd2 Ra5 35.Rc3 Kd6 36.g4 Ra2+
37.Ke3 Rb2 38.h4 a6 39.h5 Rb1 40.f3 Kd5 41.Rc5+ Kd6 42.Rc3 Rb2 43.Ke4 Re2+
44.Kd3 Re1 45.Rc8 Rd1+ 46.Ke4 Re1+ 47.Kd3 Rb1 48.Rc3 Rb2  1/2-1/2

[Event "SPICE Cup Open 2013"]
[Site "St Louis USA"]
[Date "2013.10.19"]
[Round "8.1"]
[White "Le Quang Liem"]
[Black "Rakhmanov,Ale"]
[Result "1/2-1/2"]
[WhiteElo "2712"]
[BlackElo "2603"]

1.Nf3 g6 2.e4 Bg7 3.d4 d6 4.c3 Nf6 5.Bd3 Nc6 6.b4 a6 7.O-O O-O 8.Re1 e5 9.d5 Ne7
10.c4 Nh5 11.Nc3 f5 12.Bd2 fxe4 13.Bxe4 Nf4 14.Ne2 Nxe2+ 15.Qxe2 Bg4 16.Rac1 Nf5
17.Qd3 Bxf3 18.Qxf3 Bh6 19.Bxh6 Nxh6 20.Qd3 Qh4 21.Qg3 Qxg3 22.hxg3 a5 23.b5 b6
24.f3 Rf6 25.Kf2 Raf8 26.Rh1 Nf7 27.Ke3 Kg7 28.Bd3 Ng5 29.Rcf1 Nf7 30.Rh4 h6
31.Rfh1 Rh8 32.Be4  1/2-1/2

[Event "SportAccord Rapid Men 2013"]
[Site "Beijing CHN"]
[Date "2013.12.12"]
[Round "3.6"]
[White "Aronian,L"]
[Black "Le Quang Liem"]
[Result "1-0"]
[WhiteElo "2803"]
[BlackElo "2703"]

1.c4 Nf6 2.Nc3 d5 3.cxd5 Nxd5 4.g3 g6 5.Bg2 Nb6 6.d3 Bg7 7.Be3 O-O 8.h4 h6
9.Qd2 Kh7 10.Rc1 Nc6 11.Be4 f5 12.Bxc6 bxc6 13.f4 Be6 14.h5 gxh5 15.Rxh5 Nd5
16.Nf3 Kg8 17.Nxd5 Bxd5 18.Ne5 Qe8 19.Rh3 Bxa2 20.Nxc6 Bd5 21.Ne5 c6 22.Bd4 a5
23.Kf2 a4 24.Rg1 Kh7 25.g4 c5 26.Bc3 a3 27.bxa3 Rxa3 28.gxf5 Rxf5 29.e4 Rxc3
30.Rxg7+ Kxg7 31.Qxc3 Rxf4+ 32.Ke3 Rf6 33.exd5 Qc8 34.Rg3+ Kh7 35.Qc4 Qf5
36.Qe4  1-0

[Event "SportAccord Rapid Men 2013"]
[Site "Beijing CHN"]
[Date "2013.12.12"]
[Round "4.8"]
[White "Ponomariov,R"]
[Black "Le Quang Liem"]
[Result "0-1"]
[WhiteElo "2731"]
[BlackElo "2703"]

1.e4 e5 2.Nf3 Nc6 3.Bb5 Nf6 4.O-O Nxe4 5.d4 Nd6 6.Bxc6 dxc6 7.dxe5 Nf5 8.Qxd8+ Kxd8
9.Nc3 Ke8 10.Ne2 b6 11.Re1 c5 12.e6 Bxe6 13.Nf4 Bd6 14.Rxe6+ fxe6  0-1

[Event "SportAccord Rapid Men 2013"]
[Site "Beijing CHN"]
[Date "2013.12.13"]
[Round "6.8"]
[White "Le Quang Liem"]
[Black "Giri,A"]
[Result "1/2-1/2"]
[WhiteElo "2703"]
[BlackElo "2734"]

1.Nf3 Nf6 2.c4 c5 3.d4 cxd4 4.Nxd4 g6 5.Nc3 d5 6.cxd5 Nxd5 7.Ndb5 Nxc3 8.Qxd8+ Kxd8
9.Nxc3 Bg7 10.Bd2 Be6 11.O-O-O Ke8 12.g3 Nc6 13.Bg2 Rc8 14.Kb1 f5 15.Nd5 Bd7
16.h4 e6 17.Nf4 e5 18.Bc3 Nd8 19.h5 Rxc3 20.bxc3 exf4 21.gxf4 Ne6 22.e3 Ke7
23.hxg6 hxg6 24.Rxh8 Bxh8 25.Bxb7 Nc5 26.Rh1 Bxc3 27.Bd5 Bg7 28.Kc2 Bb5 29.Rg1 Kf6
30.f3 a6 31.Kd2 Bf8 32.Rh1 Kg7 33.Rc1 Kf6 34.Rh1 Kg7 35.Rc1 Kf6  1/2-1/2

[Event "PanAm Intercollegiate 2013"]
[Site "Lubbock USA"]
[Date "2013.12.27"]
[Round "1.1"]
[White "Winter,Curtis A"]
[Black "Le Quang Liem"]
[Result "0-1"]
[WhiteElo "1972"]
[BlackElo "2703"]

1.d4 Nf6 2.Nf3 g6 3.g3 Bg7 4.Bg2 d5 5.O-O O-O 6.c4 dxc4 7.Na3 Nc6 8.Nxc4 Be6
9.Nce5 Bd5 10.e3 Nxe5 11.Nxe5 c5 12.b3 cxd4 13.exd4 Bxg2 14.Kxg2 Qd5+ 15.Kg1 Ne4
16.Bb2 Rac8 17.Rc1 Rxc1 18.Qxc1 Bxe5 19.dxe5 Nd2 20.Rd1 Rd8  0-1

[Event "PanAm Intercollegiate 2013"]
[Site "Lubbock USA"]
[Date "2013.12.28"]
[Round "2.1"]
[White "Le Quang Liem"]
[Black "Lee,Micha"]
[Result "1-0"]
[WhiteElo "2703"]
[BlackElo "2387"]

1.Nf3 Nf6 2.c4 g6 3.Nc3 Bg7 4.e4 d6 5.d4 O-O 6.Be2 e5 7.O-O Nc6 8.d5 Ne7
9.b4 Nh5 10.g3 f5 11.Ng5 Nf6 12.Bf3 c6 13.Bg2 h6 14.Ne6 Bxe6 15.dxe6 fxe4
16.b5 Qc7 17.Ba3 Rad8 18.Nxe4 Nxe4 19.Bxe4 Rf6 20.Qa4 Rxe6 21.Rfd1 a5 22.bxa6 Ra8
23.Qb3 Rxa6 24.Bxd6 Qc8 25.Rab1 Nf5 26.c5 Nd4 27.Rxd4 exd4 28.Bxg6 Kh8 29.Bf5 Re1+
30.Rxe1 Qxf5 31.Re8+ Kh7 32.Qg8+ Kg6 33.Re6+ Kh5 34.Qe8+ Kg4  1-0

[Event "PanAm Intercollegiate 2013"]
[Site "Lubbock USA"]
[Date "2013.12.28"]
[Round "3.1"]
[White "Huschenbeth,N"]
[Black "Le Quang Liem"]
[Result "0-1"]
[WhiteElo "2537"]
[BlackElo "2703"]

1.e4 c5 2.Nf3 d6 3.d4 cxd4 4.Nxd4 Nf6 5.Nc3 a6 6.Bg5 Nbd7 7.Bc4 Qa5 8.Qd2 e6
9.O-O-O b5 10.Bb3 Bb7 11.Rhe1 Be7 12.Nf5 exf5 13.exf5 Ne5 14.Bxf6 gxf6 15.f4 O-O-O
16.fxe5 dxe5 17.Qe3 Bb4 18.Bxf7 Kb8 19.Be6 Bxg2 20.Rxd8+ Rxd8 21.Rg1 Bb7
22.Rg7 Bxc3 23.Qxc3 Qxc3 24.bxc3 Bf3 25.Bd7 h5 26.h4 e4 27.Re7 Bg4 28.Bc6 Rd1+
29.Kb2 Bxf5 30.Bxe4 Re1 31.Rb7+ Kc8 32.Bc6 Re6 33.Bh1 Re2 34.Rg7 Rxc2+ 35.Kb3 Kd8
36.Bb7 a5 37.Bc6 b4 38.Rg3 Ke7 39.Re3+ Kd6 40.Be8 Rh2 41.cxb4 axb4 42.Bxh5 Be6+
43.Ka4 b3 44.Rd3+ Ke7  0-1

[Event "4th HD Bank Cup 2014"]
[Site "Ho Chi Minh City VIE"]
[Date "2014.03.10"]
[Round "1.1"]
[White "Le Quang Liem"]
[Black "Borsos,B"]
[Result "1-0"]
[WhiteElo "2709"]
[BlackElo "2271"]

1.d4 Nf6 2.c4 e6 3.Nf3 b6 4.g3 Bb7 5.Bg2 Be7 6.O-O O-O 7.Nc3 Ne4 8.Bd2 f5
9.Qc2 Bf6 10.Rad1 d6 11.Ne1 Nxc3 12.Bxc3 Bxg2 13.Nxg2 Nd7 14.e4 fxe4 15.Nf4 Qe8
16.Qxe4 e5 17.Qd5+ Qf7 18.Ne6 Rfc8 19.Nxc7 Qxd5 20.Nxd5 Rxc4 21.Nxf6+ Nxf6
22.dxe5 dxe5 23.Bxe5 Re8 24.Rfe1 Rc2 25.h3 Re7 26.Kf1 Kf7 27.Rd3 Nd7 28.Bc3 Rxe1+
29.Kxe1 Nc5 30.Rf3+  1-0

[Event "4th HD Bank Cup 2014"]
[Site "Ho Chi Minh City VIE"]
[Date "2014.03.11"]
[Round "2.1"]
[White "Duong The Anh"]
[Black "Le Quang Liem"]
[Result "0-1"]
[WhiteElo "2335"]
[BlackElo "2709"]

1.d4 d5 2.c4 e6 3.Nc3 Bb4 4.Nf3 Nf6 5.Bg5 Nbd7 6.Qa4 c5 7.cxd5 exd5 8.dxc5 Bxc3+
9.bxc3 O-O 10.Qd4 Re8 11.Nd2 h6 12.Bxf6 Nxf6 13.e3 Be6 14.Be2 Re7 15.O-O Rc7
16.Bf3 Nd7 17.e4 dxe4 18.Nxe4 Qf8 19.Rfd1 Nxc5 20.Nxc5 Qxc5 21.Rab1 Rb8 22.Qxc5 Rxc5
23.Rxb7 Rxb7 24.Bxb7 Rxc3 25.Be4 Kf8 26.Bb1 Ke7 27.Kf1 Rc5 28.Ke1 Rb5 29.a4 Rb2
30.Bd3 Bd7 31.Ra1 a5 32.g3 g5 33.Be2 Be6 34.Bd1 Kd6 35.Ra3 Kc5 36.Rc3+ Bc4
37.Rf3 Rb6 38.Rf5+ Kb4 39.h4 Re6+ 40.Kd2 Rd6+ 41.Ke1 f6 42.hxg5 hxg5 43.Rf3 Bd3
44.Re3 Bc4 45.Rf3 Kc5 46.Rf5+ Kb4 47.Rf3 Bd3 48.Re3 Rd5 49.f4 gxf4 50.gxf4 Rd4
51.Rf3 Bc4 52.Rf2 Bb3 53.Bxb3 Kxb3 54.Ke2 Rxa4 55.Kf3 Rb4 56.Kg4 Rb6 57.f5 a4
58.Rf3+ Kb4 59.Rf4+ Kb5 60.Rf1 a3 61.Rb1+ Kc5 62.Ra1 Ra6 63.Kh5 a2 64.Kg6 Kd4
65.Kf7 Kc3 66.Rxa2  0-1

[Event "4th HD Bank Cup 2014"]
[Site "Ho Chi Minh City VIE"]
[Date "2014.03.11"]
[Round "3.1"]
[White "Le Quang Liem"]
[Black "Yap,K"]
[Result "1-0"]
[WhiteElo "2709"]
[BlackElo "2407"]

1.Nf3 Nf6 2.c4 g6 3.Nc3 c5 4.e4 d6 5.d4 cxd4 6.Nxd4 Bg7 7.f3 O-O 8.Be3 Nc6
9.Nc2 Be6 10.Qd2 Qa5 11.Rc1 Rfc8 12.Be2 Nd7 13.Na3 Nb6 14.O-O Qb4 15.Nd1 Bd4
16.Kh1 Bxe3 17.Qxe3 Qc5 18.Qd2 Qd4 19.Qe1 g5 20.Nc2 Qg7 21.Nce3 Nd4 22.Bd3 Nd7
23.b3 b5 24.Qd2 Ne5 25.Bb1 Ng6 26.Nf5 Bxf5 27.exf5 Nf4 28.Ne3 bxc4 29.bxc4 Rab8
30.g3 Nfe2 31.Rce1 h6 32.Bd3  1-0

[Event "4th HD Bank Cup 2014"]
[Site "Ho Chi Minh City VIE"]
[Date "2014.03.12"]
[Round "4.1"]
[White "Zhang Zhong"]
[Black "Le Quang Liem"]
[Result "1/2-1/2"]
[WhiteElo "2600"]
[BlackElo "2709"]

1.d4 Nf6 2.c4 g6 3.Nc3 d5 4.Nf3 Bg7 5.e3 O-O 6.Bd2 c5 7.dxc5 Na6 8.cxd5 Nxc5
9.Bc4 Bf5 10.O-O Rc8 11.Qe2 Nfe4 12.Nd4 Nxd2 13.Qxd2 Ne4 14.Nxe4 Bxe4 15.Qb4 Bxd4
16.exd4 Bxd5 17.Bxd5 Qxd5 18.Qxe7 Qxd4 19.Qxb7 Rb8 20.Qa6 Rxb2 21.Rad1 Qb6
22.Qxb6 Rxb6 23.g3 Rc8 24.Rd2 Kg7 25.Re1 Rc7 26.Kg2 h5 27.h4 Kf6 28.Re3 Ra6
29.Rf3+ Ke7 30.Re3+ Kf6 31.Rf3+ Ke5  1/2-1/2

[Event "4th HD Bank Cup 2014"]
[Site "Ho Chi Minh City VIE"]
[Date "2014.03.12"]
[Round "5.1"]
[White "Nguyen Duc Hoa"]
[Black "Le Quang Liem"]
[Result "0-1"]
[WhiteElo "2496"]
[BlackElo "2709"]

1.d4 Nf6 2.c4 e6 3.Nf3 d5 4.g3 dxc4 5.Bg2 c5 6.O-O Nc6 7.dxc5 Qxd1 8.Rxd1 Bxc5
9.Nbd2 c3 10.bxc3 O-O 11.Nb3 Be7 12.Nfd4 Bd7 13.Nb5 Ne5 14.Nd6 Bxd6 15.Rxd6 Bc6
16.Bf4 Bxg2 17.Bxe5 Bd5 18.f3 Ne8 19.Rd7 f6 20.Bd4 b6 21.e4 Bc6 22.Re7 e5
23.Bf2 Nd6 24.Re6 Rfd8 25.Rd1 Nf7 26.Rxd8+ Nxd8 27.Rd6 Bb5 28.Nd2 Nb7 29.Rd5 Be8
30.c4 Rc8 31.Rd3 Rc7 32.Ra3 Nd6 33.Ra6 Kf7 34.Kg2 Ke7 35.a4 Nc8 36.c5 bxc5
37.Ra5 c4 38.Bc5+ Ke6 39.Nxc4 Bxa4 40.Kf2 Bc6 41.Ke3 Rb7 42.Ra6 Kd7 43.Ra2 Rb3+
44.Kd2 Rxf3 45.Bxa7 Bxe4 46.Nb6+ Nxb6 47.Bxb6 Ke6 48.Be3 Rf1 49.Ra4 Bb7 50.Rg4 g5
51.Rb4 Bf3 52.Rb6+ Kf7 53.Bc5 g4 54.Rb2 h5 55.Ra2 Rh1 56.Ke3 h4 57.gxh4 f5
58.h5 f4+ 59.Kd3 e4+ 60.Kd4 e3 61.Ke5 e2 62.Ra7+ Kg8 63.Bb4 g3 64.h6 e1=Q+
65.Bxe1 Rxe1+ 66.Kf6 gxh2  0-1

[Event "4th HD Bank Cup 2014"]
[Site "Ho Chi Minh City VIE"]
[Date "2014.03.14"]
[Round "7.3"]
[White "Le Quang Liem"]
[Black "Diu,V"]
[Result "1-0"]
[WhiteElo "2709"]
[BlackElo "2474"]

1.d4 Nf6 2.Nf3 d5 3.c4 e6 4.g3 dxc4 5.Bg2 a6 6.O-O Nc6 7.e3 Bd7 8.Qe2 b5
9.Nc3 Bd6 10.e4 Be7 11.Bf4 O-O 12.Rad1 Qc8 13.a3 Na5 14.Ne5 Be8 15.Nf3 Nb3
16.d5 Bd7 17.Ne5 exd5 18.Nxd7 Qxd7 19.e5 c6 20.exf6 Bxf6 21.Qc2 Nd4 22.Qb1 Qg4
23.Rfe1 Nf3+ 24.Bxf3 Qxf3 25.Qf5 Bxc3 26.bxc3 Rfe8 27.Qd7 Re6 28.Rc1 Qg4
29.Qb7 Rf8 30.Rxe6 fxe6 31.Bd6 Rf3 32.Qc8+ Kf7 33.Qd7+ Kg6 34.Re1 h5 35.h3 Qf5
36.Re5 Qf7 37.Rxe6+ Rf6 38.Re7 Qf8 39.Be5 Rxf2 40.Rxg7+ Kh6 41.Qe6+  1-0

[Event "4th HD Bank Cup 2014"]
[Site "Ho Chi Minh City VIE"]
[Date "2014.03.15"]
[Round "9.2"]
[White "Le Quang Liem"]
[Black "Nguyen Van Huy"]
[Result "1-0"]
[WhiteElo "2709"]
[BlackElo "2414"]

1.d4 Nf6 2.c4 e6 3.Nc3 Bb4 4.f3 d5 5.a3 Bxc3+ 6.bxc3 c5 7.cxd5 exd5 8.e3 O-O
9.Bd3 b6 10.Ne2 Ba6 11.O-O Re8 12.Ng3 Bxd3 13.Qxd3 Nc6 14.Bb2 Rc8 15.Rae1 cxd4
16.cxd4 Ne7 17.e4 Qc7 18.e5 Nd7 19.Rc1 Qb7 20.f4 Rxc1 21.Bxc1 Qc6 22.f5 Rc8
23.Qf3 Qc4 24.f6 Nc6 25.Nf5 g6 26.e6 fxe6 27.f7+ Kh8 28.Nd6 Nxd4 29.Bb2 e5
30.Qf2 Qc5 31.Nxc8  1-0

[Event "FIDE World Blitz 2014"]
[Site "Dubai UAE"]
[Date "2014.06.19"]
[Round "1.8"]
[White "Ganguly,S"]
[Black "Le Quang Liem"]
[Result "0-1"]
[WhiteElo "2619"]
[BlackElo "2712"]

1.e4 c5 2.Nf3 e6 3.d4 cxd4 4.Nxd4 Nc6 5.Nc3 Qc7 6.Be2 Nf6 7.O-O a6 8.Be3 Be7
9.f4 d6 10.a4 O-O 11.Kh1 Re8 12.Bf3 Na5 13.Qe1 Nc4 14.Bc1 e5 15.Nde2 Qc5
16.Qf2 Qxf2 17.Rxf2 d5 18.b3 Bc5 19.Rf1 dxe4 20.Nxe4 Nxe4 21.Bxe4 exf4 22.Bd5 Rxe2
23.Bxc4 Rxc2 24.Bxf4 Be6 25.Rac1 Rxc1 26.Rxc1 Ba3 27.Rd1 Bxc4 28.bxc4 Rc8
29.h3 h6 30.Rd3 Rxc4 31.Bxh6 Rxa4 32.Be3 b5 33.Rd8+ Kh7 34.Rd7 f6 35.Bd4 Kg6
36.g4 Rc4 37.h4 Bc5 38.h5+ Kh6 39.Bb2 Rxg4 40.Bc1+ Kh7 41.h6 b4 42.Kh2 b3
43.hxg7 Rxg7 44.Rd5 Rc7 45.Bf4 Rc6 46.Rd3 b2 47.Rd1 Rb6 48.Rb1 a5 49.Bc7 Rb5
50.Bxa5 Rxa5 51.Rxb2 Bd6+ 52.Kh3 Kg6 53.Rg2+ Rg5 54.Rd2 Rh5+ 55.Kg4 f5+ 56.Kf3 Rh3+  0-1

[Event "FIDE World Blitz 2014"]
[Site "Dubai UAE"]
[Date "2014.06.19"]
[Round "2.6"]
[White "Le Quang Liem"]
[Black "Kasimdzhanov,R"]
[Result "1-0"]
[WhiteElo "2712"]
[BlackElo "2700"]

1.Nf3 Nf6 2.g3 g6 3.b3 Bg7 4.Bb2 O-O 5.Bg2 c5 6.O-O Nc6 7.c4 d6 8.Nc3 Bf5
9.Rc1 Qd7 10.Re1 Bh3 11.Bh1 h6 12.d4 cxd4 13.Nxd4 Ne5 14.e4 h5 15.f4 Neg4
16.Nf3 Nh7 17.Bg2 Qd8 18.Na4 Bxb2 19.Nxb2 Bxg2 20.Kxg2 Qb6 21.Qd2 Rac8 22.Na4 Qc6
23.Nc3 Nhf6 24.h3 Nh6 25.e5 Nh7 26.Nd5 Rfe8 27.exd6 exd6 28.Ne7+ Rxe7 29.Rxe7 Nf5
30.Ree1 Nf6 31.Qd3 Qa6 32.Rc2 Qc6 33.Kh2 Kg7 34.Nd4 Qc5 35.Rd2 Rd8 36.Nf3 Qc6
37.Qc3 d5 38.Nd4 Nxd4 39.Qxd4 Rd7 40.c5 Kh7 41.Re5 a6 42.b4 Rc7 43.a3 Ne4
44.Re2 Rd7 45.Re8 Nf6 46.R2e6 fxe6 47.Qxf6 Rg7 48.Qf8  1-0

[Event "FIDE World Blitz 2014"]
[Site "Dubai UAE"]
[Date "2014.06.19"]
[Round "5.3"]
[White "Onischuk,V"]
[Black "Le Quang Liem"]
[Result "0-1"]
[WhiteElo "2594"]
[BlackElo "2712"]

1.e4 c5 2.Nf3 e6 3.b3 a6 4.Bb2 d5 5.Nc3 Nc6 6.g3 Nf6 7.exd5 exd5 8.Bg2 d4
9.Ne2 Bd6 10.O-O O-O 11.c3 d3 12.Nc1 Bc7 13.c4 Bf5 14.Re1 h6 15.a3 Re8 16.Na2 Ne4
17.Re3 Nd4 18.Nc1 Nc2 19.Rxd3 Nxf2 20.Rxd8 Nxd1 21.Rxa8 Rxa8 22.Ra2 Rd8 23.Nh4 Bh7
24.Bd5 Nxb2 25.Rxb2 Nxa3 26.Ne2 b5 27.Ra2 b4 28.d4 cxd4 29.Nxd4 Bb6 30.Nf3 Nc2
31.Rxc2 Bxc2 32.Kg2 Bxd4 33.Nxd4 Be4+ 34.Bxe4 Rxd4 35.Kf3 Kf8 36.Ke3 Rd1
37.c5 Ke7  0-1

[Event "FIDE World Blitz 2014"]
[Site "Dubai UAE"]
[Date "2014.06.19"]
[Round "8.3"]
[White "Le Quang Liem"]
[Black "Sargissian,G"]
[Result "1-0"]
[WhiteElo "2712"]
[BlackElo "2686"]

1.d4 Nf6 2.Nf3 e6 3.c4 d5 4.e3 Be7 5.Nc3 O-O 6.b3 c5 7.cxd5 cxd4 8.Qxd4 exd5
9.Be2 Nc6 10.Qd3 Bg4 11.O-O Bxf3 12.Bxf3 Ne5 13.Qd1 Bb4 14.Bb2 Rc8 15.Nb5 Nxf3+
16.Qxf3 a6 17.Bxf6 Qxf6 18.Qxf6 gxf6 19.Nd4 Bc3 20.Rad1 Bxd4 21.Rxd4 Rc2
22.a4 Rb2 23.Rb4 Rc8 24.Rxb7 Rc3 25.Rb6 Kg7 26.Rxa6 Rcxb3 27.Rd6 Ra3 28.Rxd5 Rxa4
29.h3 Rab4 30.g4 Rb1 31.Rxb1 Rxb1+ 32.Kg2 h6 33.h4 Ra1 34.h5 Ra4 35.Kg3 Ra1
36.Kf4 Ra4+ 37.Rd4 Ra1 38.Rd5 Rf1 39.f3 Re1 40.e4 Rf1 41.Rd3 Ra1 42.Kf5 Ra5+
43.Rd5 Ra3 44.f4 Ra1 45.Rc5 Rb1 46.Ra5 Rc1 47.Rd5 Ra1 48.e5 fxe5 49.Rxe5 Rh1
50.Re2 Rh3 51.Re5 Rh1 52.Rd5 Rh2 53.Ke4 Rh1 54.Kf3 Rf1+ 55.Ke3 Rg1 56.g5 Rh1
57.g6 Re1+ 58.Kf2 Re7 59.Rd6 Ra7 60.Kg3 Rb7 61.Kf3 Ra7 62.f5 Ra3+ 63.Ke4 Ra4+
64.Ke5 Ra5+ 65.Rd5 Ra6 66.Rd7 Ra5+ 67.Ke4 Ra4+ 68.Kd3 Ra3+ 69.Kc4 Ra4+ 70.Kb3 Rh4
71.Rxf7+ Kg8 72.f6 Rf4 73.Kc3 Rf1 74.Kd4 Rf2 75.Ke5 Re2+ 76.Kd5 Rf2 77.Ke6 Re2+
78.Kd7 Rf2 79.Ke8  1-0

[Event "FIDE World Blitz 2014"]
[Site "Dubai UAE"]
[Date "2014.06.19"]
[Round "9.1"]
[White "Le Quang Liem"]
[Black "Lu Shanglei"]
[Result "1/2-1/2"]
[WhiteElo "2712"]
[BlackElo "2546"]

1.d4 g6 2.Bf4 Bg7 3.e3 d6 4.Nf3 Nf6 5.h3 O-O 6.Be2 c5 7.c3 b6 8.O-O Bb7 9.a4 Nc6
10.Bh2 Rc8 11.Nbd2 d5 12.Ne5 Nd7 13.Nxc6 Bxc6 14.Bb5 e5 15.Bxc6 Rxc6 16.e4 dxe4
17.d5 Rc7 18.Nxe4 f5 19.Nd2 c4 20.Qe2 Qc8 21.Rfd1 Rc5 22.Kh1 Re8 23.f3 Nf6
24.Bg1 Rxd5 25.Nxc4 Nh5 26.Bf2 Nf4 27.Qf1 Rxd1 28.Rxd1 Rd8 29.b3 h5 30.Be3 Nd5
31.Bg5 Rd7 32.Qe1 Qe8 33.Ne3 Nxe3 34.Bxe3 Qd8 35.Rxd7 Qxd7 36.Qd2 Qxd2 37.Bxd2 Kf7
38.Kg1 Ke6 39.Kf2 a6 40.c4 Bf8 41.Ke2 a5 42.Kd3 Bc5 43.Bc3 Kd6 44.Bd2 Ke6
45.Bc3 Kd6 46.Bd2 Ke6 47.Bc3  1/2-1/2

[Event "FIDE World Blitz 2014"]
[Site "Dubai UAE"]
[Date "2014.06.19"]
[Round "10.3"]
[White "Nepomniachtchi,I"]
[Black "Le Quang Liem"]
[Result "1-0"]
[WhiteElo "2730"]
[BlackElo "2712"]

1.e4 c5 2.Nf3 e6 3.d3 Nc6 4.g3 d5 5.Nbd2 Nf6 6.Bg2 Be7 7.O-O O-O 8.Re1 b5
9.e5 Nd7 10.Nf1 a5 11.h4 b4 12.h5 h6 13.N1h2 a4 14.Ng4 Ba6 15.a3 bxa3 16.Rxa3 Bb7
17.Bxh6 gxh6 18.Qd2 Bg5 19.Nxh6+ Bxh6 20.Qxh6 f6 21.Bh3 Re8 22.exf6 Qxf6
23.Bxe6+ Rxe6 24.Rxe6 Qxf3 25.d4 Qd1+ 26.Kg2 Qxd4 27.Rg6+ Kf7 28.Rf3+ Ke8
29.Qg5 Ne7 30.Re6 Kd8 31.Qxe7+ Kc8 32.Qd6 Qh8 33.Re7 Qd8 34.Rxd7 Qxd7 35.Rf8+  1-0